[Event "Satka Autumn op (Women)"]
[Site "Satka"]
[Date "2016.09.29"]
[Round "9"]
[White "Murzina, Agata"]
[Black "Survilo, Alla"]
[Result "1-0"]
[WhiteElo "1697"]
[BlackElo "2003"]
[PlyCount "71"]
[EventDate "2016.09.21"]
[EventType "swiss"]
[EventRounds "9"]
[EventCountry "RUS"]
[SourceTitle "EXT 2017"]
[Source "ChessBase"]
[SourceDate "2016.10.25"]
[SourceVersion "1"]
[SourceVersionDate "2016.10.25"]
[SourceQuality "1"]

1. Nf3 d5 2. d4 e6 3. c4 Nf6 4. Nc3 Be7 5. Bg5 Nbd7 6. c5 0-0 7. e3 c6 8. Bd3 h6 9. Bh4 b6 10. b4 bxc5 11. bxc5 Qc7 12. Bg3 Qa5 13. Qd2 Nh5 14. 0-0 Nxg3 15. hxg3 Qc7 16. e4 dxe4 17. Bxe4 Rd8 18. Nb5 Qb7 19. Qa5 f5 20. Nd6 Qa6 21. Qxa6 Bxa6 22. Bxc6 Bxf1 23. Bxa8 Ba6 24. Bb7 Be2 25. Nc8 Bxc5 26. dxc5 Nxc5 27. Rb1 Kh7 28. Nxa7 Rd7 29. Bc8 Rxa7 30. Nd4 Rxa2 31. Nxe6 Nxe6 32. Bxe6 Ra5 33. Rb8 Bd3 34. Bg8+ Kg6 35. Rb6+ Kg5 36. f4+ 1-0

[Event "Satka Autumn op"]
[Site "Satka"]
[Date "2016.09.21"]
[Round "1"]
[White "Survilo, Alla"]
[Black "Mirzoeva, Elmira"]
[Result "1/2-1/2"]
[WhiteElo "2003"]
[BlackElo "2320"]
[PlyCount "114"]
[EventDate "2016.09.21"]
[EventType "swiss"]
[EventRounds "9"]
[EventCountry "RUS"]
[SourceTitle "CBM 174 Extra"]
[Source "ChessBase"]
[SourceDate "2016.10.10"]
[SourceVersion "1"]
[SourceVersionDate "2016.10.10"]
[SourceQuality "1"]

1. d4 d5 2. c4 c6 3. Nc3 dxc4 4. e4 b5 5. d5 b4 6. Na4 Nf6 7. Bxc4 Nxe4 8. Be3 e6 9. dxe6 Qxd1+ 10. Rxd1 Bxe6 11. Bxe6 fxe6 12. Rc1 Bd6 13. Rc4 Nf6 14. Nf3 Nd5 15. Bc5 Kd7 16. 0-0 Na6 17. Bxd6 Kxd6 18. Ng5 Rhf8 19. Re1 e5 20. Nxh7 Rf4 21. Rxf4 Nxf4 22. Ng5 Re8 23. Nf7+ Kd5 24. Rd1+ Ke6 25. Nxe5 c5 26. Nc4 Kf6 27. g3 Ng6 28. Rd6+ Re6 29. f4 Rxd6 30. Nxd6 Ke6 31. f5+ Kxd6 32. fxg6 Ke5 33. h4 Kf5 34. h5 Kg5 35. g4 c4 36. Kf2 Nc7 37. Nc5 Nd5 38. Kf3 Kf6 39. Ke4 Nb6 40. Kd4 a5 41. Ne4+ Ke6 42. Nd2 c3 43. bxc3 bxc3 44. Kxc3 Nd5+ 45. Kd4 Nf6 46. Nc4 Nxg4 47. Nxa5 Nf6 48. Nb7 Nxh5 49. a4 Nf4 50. a5 Kd7 51. Kc5 Kc7 52. a6 Nxg6 53. Nd6 Nf8 54. Ne8+ Kb8 55. Nxg7 Ka7 56. Kb5 Nd7 57. Ne6 Nb8 1/2-1/2

[Event "Berdsk Maestro op 15th"]
[Site "Berdsk"]
[Date "2009.07.08"]
[Round "1"]
[White "Lozhnikov, Vyacheslav"]
[Black "Survilo, Alla"]
[Result "1-0"]
[WhiteElo "2286"]
[BlackElo "2019"]
[PlyCount "77"]
[EventDate "2009.07.08"]
[EventType "swiss"]
[EventRounds "9"]
[EventCountry "RUS"]
[SourceTitle "EXT 2022"]
[Source "ChessBase"]
[SourceDate "2021.10.06"]
[SourceVersion "1"]
[SourceVersionDate "2021.10.06"]
[SourceQuality "1"]

1. d4 d5 2. c4 c6 3. Nf3 Nf6 4. Qc2 a6 5. e3 g6 6. Nc3 Bf5 7. Qb3 b5 8. cxd5 Nxd5 9. Ne5 Be6 10. Qd1 Bg7 11. Nd3 Nd7 12. Be2 Nxc3 13. bxc3 c5 14. Bf3 0-0 15. Bxa8 Qxa8 16. 0-0 Bd5 17. f3 f5 18. a4 b4 19. cxb4 cxd4 20. Bb2 e5 21. exd4 e4 22. fxe4 Bxe4 23. Qd2 Nb6 24. Rfc1 Rd8 25. Nc5 Bd5 26. Qf2 Nc4 27. Bc3 Bh6 28. Re1 Re8 29. Nd7 Be3 30. Rxe3 Rxe3 31. Bd2 Re6 32. Re1 Nxd2 33. Qxd2 Be4 34. Nc5 Re8 35. a5 Qa7 36. d5 Rd8 37. d6 Qa8 38. d7 Bc6 39. Re7 1-0

[Event "Novosibirsk CC-ch"]
[Site "Novosibirsk"]
[Date "2007.01.19"]
[Round "5"]
[White "Survilo, Alla"]
[Black "Tsygankov, Dmitry"]
[Result "0-1"]
[WhiteElo "2016"]
[BlackElo "2073"]
[PlyCount "50"]
[EventDate "2007.01.14"]
[EventType "swiss"]
[EventRounds "11"]
[EventCountry "RUS"]
[SourceTitle "EXT 2010"]
[Source "ChessBase"]
[SourceDate "2010.11.25"]
[SourceVersion "1"]
[SourceVersionDate "2010.11.25"]
[SourceQuality "1"]

1. d4 Nf6 2. c4 e6 3. Nf3 Bb4+ 4. Bd2 Qe7 5. a3 Bxd2+ 6. Nbxd2 d6 7. e4 e5 8. d5 a5 9. h3 a4 10. Bd3 Nbd7 11. 0-0 Nc5 12. Bc2 Bd7 13. Ne1 0-0 14. Qe2 b5 15. Nd3 Nxd3 16. Bxd3 bxc4 17. Nxc4 Rfb8 18. Rfc1 Bb5 19. Rc2 Nd7 20. Nxe5 Qxe5 21. Bxb5 Nc5 22. f3 Nb3 23. Rd1 Nd4 24. Rxd4 Qxd4+ 25. Kh1 Rxb5 0-1

[Event "Novosibirsk CC-ch"]
[Site "Novosibirsk"]
[Date "2007.01.18"]
[Round "4"]
[White "Survilo, Alla"]
[Black "Okladnikov, Gennady"]
[Result "1-0"]
[WhiteElo "2016"]
[BlackElo "2188"]
[PlyCount "113"]
[EventDate "2007.01.14"]
[EventType "swiss"]
[EventRounds "11"]
[EventCountry "RUS"]
[SourceTitle "EXT 2010"]
[Source "ChessBase"]
[SourceDate "2010.11.25"]
[SourceVersion "1"]
[SourceVersionDate "2010.11.25"]
[SourceQuality "1"]

1. d4 g6 2. c4 Bg7 3. Nc3 d6 4. e4 Nf6 5. f3 0-0 6. Bg5 h6 7. Be3 c6 8. Qd2 Kh7 9. g4 Qa5 10. Nge2 e5 11. d5 a6 12. Nc1 Qc7 13. h4 h5 14. g5 Nfd7 15. dxc6 bxc6 16. Nb3 a5 17. Rd1 a4 18. Nc1 a3 19. b3 Qa5 20. Na4 d5 21. Qxa5 Rxa5 22. cxd5 cxd5 23. Rxd5 Rxd5 24. exd5 f6 25. Kf2 Bb7 26. Bc4 fxg5 27. hxg5 e4 28. f4 Na6 29. Kg3 Nb4 30. Nc5 Bc8 31. Nxd7 Bxd7 32. Bc5 Rb8 33. Bxb4 Rxb4 34. Rd1 Bg4 35. Re1 Bf5 36. Ne2 Kg8 37. Kf2 Kf8 38. Ke3 h4 39. Rh1 h3 40. Ng3 Rb8 41. Nxf5 gxf5 42. Rxh3 Bb2 43. Rh6 Kg7 44. Rh1 Rh8 45. Rxh8 Bc1+ 46. Kf2 Kxh8 47. Kg3 Kg7 48. d6 Be3 49. d7 Bb6 50. Be6 Kg6 51. b4 Bc7 52. Kf2 Bd8 53. Ke2 Bb6 54. Kd2 Bc7 55. Kc2 Bb6 56. Kb3 e3 57. Bc4 1-0